Régions de France selon la Part de Résidences Secondaires - Statistiques

Statistiques générales
  • Ce quiz a été pris 43 fois
  • Le résultat moyen est 10 sur 17
Statistiques - réponses
Région (Hors Mayotte)
Part de Résidences
Secondaires (en %)
% Correct
Provence-Alpes-Côte d'Azur 17,8
94%
Corse 37,7
88%
Bretagne 13,3
74%
Occitanie 15,5
74%
Nouvelle-Aquitaine 12,1
68%
Pays de la Loire 10,7
65%
Normandie 9,9
62%
Auvergne-Rhône-Alpes 11,8
59%
Guadeloupe 9,7
56%
Martinique 6,5
56%
Bourgogne-Franche-Comté 7,5
47%
Grand Est 3,6
44%
Hauts-de-France 3,8
44%
La Réunion 3,0
41%
Centre-Val de Loire 6,3
38%
Île-de-France 4,0
38%
Guyane 2,7
29%
Aucun quiz correspondant
Distribution des résultats
% des personnes avec chaque résultat
Percentile par nombre de réponses
Votre historique - résultats
Vous n’avez pas pris ce quiz